| 000 | 00311nam a22001217a 4500 | ||
|---|---|---|---|
| 020 | _a0470844302 | ||
| 082 |
_222 _a005.712 |
||
| 100 | _aJipping, Michael J. | ||
| 245 | _aSymbain OS communication programming / | ||
| 260 |
_aEngland, _bWiley, _cc2003. |
||
| 300 |
_axviii, 397p. ; _bill. ; _c23 cm. |
||
| 942 |
_2ddc _cIT |
||
| 999 |
_c2410 _d2410 |
||